| 000 | 00844nam a2200265 i 4500 | ||
|---|---|---|---|
| 001 | 000010209 | ||
| 003 | DO-SdBNP | ||
| 005 | 20240125144302.0 | ||
| 007 | ta | ||
| 008 | 091005s1961 dr a r 000 p spa d | ||
| 040 |
_aDO-SdBNP _bspa _cBNPHU _erda |
||
| 082 | 4 |
_aCo861.44 _bG633a _222 |
|
| 100 | 1 |
_aGómez Mejía, Carmen de, _925208 _eautora |
|
| 245 | 1 | 0 |
_aAltos muros / _cCarmen de Gómez Mejía. |
| 264 |
_aCiudad Trujillo, República Dominicana : _bMarina de Guerra, _c1961. |
||
| 300 |
_a138 páginas : _bilustraciones ; _c24 cm. |
||
| 336 |
_2rdacontent _atexto _btxt |
||
| 337 |
_2rdamedia _asin mediación _bn |
||
| 338 |
_2rdacarrier _avolumen _bnc |
||
| 590 | _aInventariado, 2019/BT | ||
| 650 | 4 |
_aPoesía colombiana _93742 |
|
| 650 | 4 |
_aLiteratura colombiana _91244 |
|
| 910 | _aValidado. Control de calidad MFF | ||
| 942 |
_2ddc _cLBS1 |
||
| 999 |
_c9968 _d9968 |
||